[Event "Candidates final"]
[Site "Kuala Lumpur"]
[Date "1990.03.09"]
[Round "2"]
[White "Karpov, Anatoly"]
[Black "Timman, Jan H"]
[Result "1/2-1/2"]
[WhiteElo "2730"]
[BlackElo "2680"]
[Annotator "Tischbierek,R"]
[PlyCount "83"]
[EventDate "1990.03.??"]
[EventType "match"]
[EventRounds "12"]
[EventCountry "MAS"]
[SourceTitle "Candidates"]
[Source "ChessBase"]
[SourceDate "1999.07.01"]
[SourceVersion "2"]
[SourceVersionDate "1999.07.01"]
[SourceQuality "1"]

1. d4 Nf6 2. c4 g6 3. Nf3 Bg7 4. g3 c6 5. Bg2 d5 6. cxd5 cxd5 7. Nc3 O-O 8. Ne5
e6 9. Bg5 (9. O-O Nfd7 10. f4 Nc6 11. Be3 Ndxe5 12. fxe5 f6 13. exf6 Rxf6 {
+/=/= Karpov-Timman/Amsterdam/1987/1/2,57/}) 9... Qb6 10. Qd2 Nfd7 11. Be3 Nc6
(11... Nxe5 $2 12. dxe5 {/\ 13.f4}) 12. Nxc6 bxc6 13. Rc1 (13. h4 $5) 13... Qb4
{?! Ernst} (13... Ba6 14. O-O Rfc8 $1 {/\ 15... Qa5 Ernst}) 14. O-O {/\ 15.Nd5}
Rb8 15. b3 c5 16. Rfd1 (16. dxc5 $2 d4) 16... cxd4 17. Bxd4 Bxd4 (17... e5 $2
18. Bxa7 Ra8 19. Nxd5 Qxd2 20. Rxd2 Rxa7 21. Ne7+) 18. Qxd4 Qxd4 19. Rxd4 Nb6
20. Rdd1 (20. e4 e5 {/\ 21... d4}) 20... Bb7 21. e4 dxe4 22. Nxe4 {+/=/+/-} Kg7
23. Rc5 (23. Rc7 Nd5) 23... Rfd8 24. Rxd8 Rxd8 25. Nc3 Bxg2 26. Kxg2 Rc8 $6 27.
Rxc8 $16 Nxc8 28. f4 $2 (28. Kf3 f5 29. Ke3 e5 30. Nb5 Kf6 31. Kd3 $16) 28...
f5 29. Na4 (29. Kf3 Kf6 30. Ke3 e5) 29... Kf6 30. Nc5 {/\ Nd7+, Ne5} Nb6 31.
Nd3 Nd7 32. Nb4 (32. Kf3 e5 33. fxe5+ Nxe5+ 34. Nxe5 Kxe5 35. Ke3 g5 36. b4 Kd5
37. Kd3 f4 38. gxf4 gxf4 39. h4 h5 40. b5 (40. a3 a6 41. a4 f3 42. Ke3 Kc4 43.
b5 axb5 44. axb5 Kxb5 45. Kxf3 Kc5 46. Kf4 Kd5 47. Kg5 Ke5 48. Kxh5 Kf5 $10)
40... f3 41. Ke3 Kc4 42. Kxf3 Kxb5 43. Kf4 Ka4 44. Kg5 Ka3 45. Kxh5 Kxa2 46.
Kg5 Kb1 $10) 32... e5 33. Nc6 a6 34. fxe5+ Nxe5 35. Nd4 Ke7 36. Kf1 Kd6 37. Ke2
Kd5 38. Nc2 Ke4 39. a4 Nf3 40. b4 Nd4+ (40... Nxh2 41. b5 axb5 42. a5 $2 (42.
axb5 Kd5 43. Nd4 Kc5 44. Ne6+ Kxb5 45. Nf8 $10) 42... Kd5 43. Nd4 Kc5 $17) 41.
Nxd4 Kxd4 42. b5 (42. b5 axb5 43. axb5 Kc5 44. Ke3 g5 45. h4 h6 46. hxg5 hxg5
47. b6 Kxb6) 1/2-1/2